000 00176nam a22000977a 4500
040 _cSY
082 _a634p.
100 _aVON MONIN
245 _aForest management
942 _cAEDBB
999 _c8900
_d8900